Welcome to WEB OPAC of MRSPTU Central Library

Design of concrete structures (Record no. 267)

MARC details
000 -LEADER
fixed length control field 00368nam a2200145Ia 4500
008 - FIXED-LENGTH DATA ELEMENTS--GENERAL INFORMATION
fixed length control field 230711s9999||||xx |||||||||||||| ||und||
041 ## - LANGUAGE CODE
Language code of text/sound track or separate title ENG
082 ## - DEWEY DECIMAL CLASSIFICATION NUMBER
Classification number 624
Item number NI-D
100 ## - MAIN ENTRY--PERSONAL NAME
Personal name Nilson,Arthur H
245 #0 - TITLE STATEMENT
Title Design of concrete structures
250 ## - EDITION STATEMENT
Edition statement 9th
260 ## - PUBLICATION, DISTRIBUTION, ETC.
Date of publication, distribution, etc. 1981
Place of publication, distribution, etc. New York
Name of publisher, distributor, etc. Tata McGraw Hill Education Limited
650 ## - SUBJECT ADDED ENTRY--TOPICAL TERM
Topical term or geographic name entry element Civil Engineering
942 ## - ADDED ENTRY ELEMENTS (KOHA)
Koha item type Book
Holdings
Withdrawn status Lost status Source of classification or shelving scheme Damaged status Not for loan Collection Home library Current library Date acquired Total checkouts Full call number Barcode Date last seen Date last checked out Price effective from Koha item type
    Dewey Decimal Classification     BK MRSPTU Central Library MRSPTU Central Library   1 624 NI-D 1593 09/26/2024 09/23/2024 08/17/2023 Book
    Dewey Decimal Classification     BK MRSPTU Central Library MRSPTU Central Library   6 624 NI-D 1594 06/05/2025 05/20/2025 08/17/2023 Book
    Dewey Decimal Classification     BK MRSPTU Central Library MRSPTU Central Library   8 624 NI-D 2163 10/10/2025 08/01/2025 08/17/2023 Book
    Dewey Decimal Classification     BK MRSPTU Central Library MRSPTU Central Library     624 NI-D 5262 08/17/2023   08/17/2023 Book
    Dewey Decimal Classification     BK MRSPTU Central Library MRSPTU Central Library   1 624 NI-D 5263 06/19/2025 05/19/2025 08/17/2023 Book
    Dewey Decimal Classification     BK MRSPTU Central Library MRSPTU Central Library     624 NI-D PBB1593 08/17/2023   08/17/2023 Book
    Dewey Decimal Classification     BK MRSPTU Central Library MRSPTU Central Library     624 NI-D PBB1594 08/17/2023   08/17/2023 Book
    Dewey Decimal Classification     BK MRSPTU Central Library MRSPTU Central Library     624 NI-D PBB2163 08/17/2023   08/17/2023 Book

Website Designed and Developed by MRSPTU Central Library Team

E-mail Id: librarian@mrsptu.ac.in